Tự học CorelDraw 8 trong 24 giờ /

Spremljeno u:
Bibliografski detalji
Glavni autor: Phạm Trọng Thuật
Format: Knjiga
Jezik:Vietnamese
Izdano: TKE 1999
Oznake: Dodaj oznaku
Bez oznaka, Budi prvi tko označuje ovaj zapis!
Thư viện lưu trữ: Mạng thư viện Đại học Đà Nẵng
LEADER 00628nam a2200265 4500
001 000028082
003 PH-T999
005 20150403120000.0
008 150403s vm 000 vie
020 |c 0,0000 
040 |a notts 
100 |a Phạm Trọng Thuật 
245 |a Tự học CorelDraw 8 trong 24 giờ /  |c PhạmTrọng Thuật. 
260 |b TKE  |c 1999 
OWN |a LTT 
999 |a From the UDN01 
TYP |a Monograph 
TYP |a Printed language 
980 |a Mạng thư viện Đại học Đà Nẵng